| 000 | 00949nas a2200301 4500 | ||
|---|---|---|---|
| 001 | BR2016002697 | ||
| 003 | BR-BrBNA | ||
| 005 | 20231205130446.0 | ||
| 007 | ta | ||
| 008 | 230509b bl.|||p| |||| 00| 00por d | ||
| 040 |
_aBR-BrBNA _bpor _cBiblioteca Nacional de Agricultura |
||
| 041 | _a(En) | ||
| 072 | _aH20 | ||
| 100 | 1 | _aColavolpe, M.B. | |
| 100 | 1 | _aMejía, S.J. | |
| 100 | 1 | _aAlbertó, E. | |
| 245 | 1 | _aEfficiency of treatments for controlling Trichoderma spp during spawning in cultivation of lignicolous mushrooms | |
| 650 | _aCOGUMELO | ||
| 650 | _aDOENCA DE PLANTA | ||
| 650 | _aMOFO VERDE | ||
| 650 | _aFUNGO | ||
| 650 | _aCONTAMINACAO | ||
| 650 | _aDESINFECCAO | ||
| 773 | 0 |
_tBrazilian Journal of Microbiology (Brazil) _xISSN 1517-8382 _g(Oct-Dec 2014), v. 45(4) p. 1263-1270 _wBR2016002697 |
|
| 856 | 4 | 0 | _uhttp://www.scielo.br/pdf/bjm/v45n4/17.pdf |
| 909 |
_a202311 _bLúcia _c55 _dLúcia Elande |
||
| 942 |
_2AGRIS _n0 _cANA |
||
| 999 |
_c249560 _d249560 |
||